000
00312nam a2200121Ia 4500
008
240624s9999 xx 000 0 und d
041
_a
eng
082
_a
332.1 TAL
100
_a
TALUKDAR T C
245
_a
GUIDE TO CAIIB MCQS ON ADV BANK MANAGEME
260
_c
2015
_a
Kolkata
_b
Lawpoint Publications
365
_c
RS
999
_c
27831
_d
27831